Switchgrass : μια νέα καλλιέργεια για παραγωγή βιοκαυσίμων : μεταπτυχιακή διατριβή

Αποθηκεύτηκε σε:
Λεπτομέρειες βιβλιογραφικής εγγραφής
Κύριος συγγραφέας: Σανδάλης, Ιωάννης
Συγγραφή απο Οργανισμό/Αρχή: Πανεπιστήμιο Αιγαίου Σχολή Περιβάλλοντος Τμήμα Περιβάλλοντος Πρόγραμμα Μεταπτυχιακών Σπουδών Γεωργία και Περιβάλλον
Άλλοι συγγραφείς: Δαναλάτος, Νίκος (Εισηγητής διατριβής)
Μορφή: Thesis Βιβλίο
Γλώσσα:Greek
Δημοσίευση: Μυτιλήνη : Πανεπιστήμιο Αιγαίου, Σχολή Περιβάλλοντος, Τμήμα Περιβάλλοντος, 2007
Θέματα:
Διαθέσιμο Online:http://hdl.handle.net/11610/15222
Ετικέτες: Προσθήκη ετικέτας
Δεν υπάρχουν, Καταχωρήστε ετικέτα πρώτοι!

MARC

LEADER 00000cam a2200000 i 4500
001 1/60133
008 071023s2007 gre d
035 |l 10091777 
040 |a GR-MY-UA  |b gre  |e aacr 
041 0 |a gre 
082 0 |a 662.88  |2 (22) 
100 1 |a Σανδάλης, Ιωάννης. 
245 1 0 |a Switchgrass :  |b μια νέα καλλιέργεια για παραγωγή βιοκαυσίμων : μεταπτυχιακή διατριβή /  |c Σανδάλης Ιωάννης ; υπεύθυνος καθηγητής Δαναλάτος Νικόλαος 
260 |a Μυτιλήνη :   |b Πανεπιστήμιο Αιγαίου, Σχολή Περιβάλλοντος, Τμήμα Περιβάλλοντος,   |c 2007 
300 |a 91 σ.;  |b διαγρ., έγχρ. εικ.;  |c 30 εκ. 
502 |a Διατριβή (μεταπτυχιακή) – Πανεπιστήμιο Αιγαίου, Λέσβος, 2007. 
504 |a Βιβλιογραφία: σ. 80-89 
650 0 0 |a Agriculture and energy. 
650 0 0 |a Biomass energy. 
650 0 0 |a Energy crops. 
650 0 0 |a Dissertations, Academic  |z Greece. 
700 1 |a Δαναλάτος, Νίκος.  |4 ths 
710 2 |a Πανεπιστήμιο Αιγαίου  |b Σχολή Περιβάλλοντος  |b Τμήμα Περιβάλλοντος  |b Πρόγραμμα Μεταπτυχιακών Σπουδών Γεωργία και Περιβάλλον. 
852 |a INST  |b LESVOS  |c DIATR  |e 20071023  |h 155  |p 005100038938  |q 005100038938  |t MTXE  |y 23 
852 |a INST  |b LESVOS  |c DIATR  |e 20071023  |h 156  |p 005100038936  |q 005100038936  |t MTXE  |y 23 
856 |u http://hdl.handle.net/11610/15222 
901 |a BIBL1-2007-3 
909 |a Λ  |b 132924 
909 |a Λ  |b 132925 
924 |a ΣΑΝΔΑΛΗΣ  |b ΙΩΑΝΝΗΣ  |y ΛΕΣΒΟΣ  |z 2007-10 
970 |a ΒΑΡΚΑ  |b ΕΛΕΥΘΕΡΙΑ  |z 2007/10/23